=LDR 00000nam 2200000 4500 =001 INLIS000000000000461 =005 20230117021822 =035 ##$$a 0010-0123000261 =007 ta =008 230117###########################0#ind## =020 ##$$a 978-979-15609-6-2 =082 ##$$a 345.025 55 =084 ##$$a 345.025 55 WIE p =100 #$$a Wien Ritola Tasmaya =245 1#$$a Proses Hukum Kekerasan Dalam Rumah Tangga : $b - /$c Wien Ritola Tasmaya =250 ##$$a Cetakan Kedua =260 ##$$a Jakarta :$b Pusat Pelayanan Terpadu Pemberdayaan Perempuan Dan Anak (P2TP2A) Provinsi DKI Jakarta,$c 2009 =300 ##$$a 82 hlm : $b ilus ; $c 18 cm =650 #4$$a Hukum =520 ##$$a -